书目信息 |
| 题名: |
药性歌括四百味白话解
|
|
| 作者: | ;北京中医学院中药方剂教研组 编 | |
| 分册: | ||
| 出版信息: | 北京 人民卫生出版社 1978 |
|
| 页数: | 223页 | |
| 开本: | 19cm | |
| 丛书名: | ||
| 单 册: | ||
| 中图分类: | R285.1 | |
| 科图分类: | ||
| 主题词: | 方歌 , 中药性味 | |
| 电子资源: | ||
| ISBN: | ||
| 000 | 00728nam0 2200253 45 | |
| 001 | 0178000667 | |
| 005 | 20060815092109.18 | |
| 010 | @dCNY0.44 | |
| 091 | @a14048.2681 | |
| 100 | @a19950811d1978 em y0chiy0121 ea | |
| 101 | 0 | @achi |
| 102 | @aCN@b110000 | |
| 105 | @ay z 000yy | |
| 200 | 10 | @a药性歌括四百味白话解@Ayao xing ge kuo si bai wei bai hua jie@f北京中医学院中药方剂教研组编 |
| 205 | @a3版 | |
| 210 | @a北京@c人民卫生出版社@d1978 | |
| 215 | @a223页@d19cm | |
| 606 | @a方歌 | |
| 606 | @a中药性味 | |
| 610 | 0 | @a方剂 |
| 690 | @aR285.1@v3 | |
| 711 | 02 | @a北京中医学院中药方剂教研组@Abei jing zhong yi xue yuan zhong yao fang ji jiao yan zu@4编 |
| 801 | 0 | @aCN@bTSSF@c20060815 |
| 905 | @a10447@dR285.1@e155=3 | |
| 药性歌括四百味白话解/北京中医学院中药方剂教研组编.-3版.-北京:人民卫生出版社,1978 |
| 223页;19cm |
| ISBN :CNY0.44 |
| ● |
| 相关链接 |
|
|
|
|
正题名:药性歌括四百味白话解
索取号:R285.1/155=3
 
预约/预借
| 序号 | 登录号 | 条形码 | 馆藏地/架位号 | 状态 | 备注 |
| 1 | 0458337 | 204583370 | 密集书库/ [索取号:R285.1/155=3] | 在馆 | |
| 2 | 0458398 | 204583986 | 密集书库/ [索取号:R285.1/155=3] | 在馆 |